Faculty of Law Library — Cairo University

Official Online Catalog

Répertoire Diplomatique Et Consulaire : (Record no. 57388)

MARC details
000 -LEADER
fixed length control field 01203nam a22002897i 4500
003 - CONTROL NUMBER IDENTIFIER
control field EG-GICUC
005 - DATE AND TIME OF LATEST TRANSACTION
control field 20260121101733.0
008 - FIXED-LENGTH DATA ELEMENTS--GENERAL INFORMATION
fixed length control field 260118s1883 fr ||||fr|||| 00| 0 fre d
040 ## - CATALOGING SOURCE
Original cataloging agency EG-GiCUC
Language of cataloging fre
Transcribing agency EG-GiCUC
Modifying agency EG-GiCUC
Description conventions Rda
041 ## - LANGUAGE CODE
Language code of text/sound track or separate title fre
082 04 - DEWEY DECIMAL CLASSIFICATION NUMBER
Edition number 21
Classification number 341.33
Item number CH . R
092 04 - LOCALLY ASSIGNED DEWEY CALL NUMBER (OCLC)
Edition number 21
099 ## - LOCAL FREE-TEXT CALL NUMBER (OCLC)
Classification number Law1 11 341.33 CH . R 1883
100 1# - MAIN ENTRY--PERSONAL NAME
Personal name Chevrey-Rameau, Paul,
Relator term Auteur
245 10 - TITLE STATEMENT
Title Répertoire Diplomatique Et Consulaire :
Remainder of title Indication, Dans Un Méthodique, Des Textes Du Droit Français Et Du Droit International Positif Qui Doivent Servir De Règle De Conduite Aux Fonctionnaires Et Agents Chargés De La Surveillance De Nos Intéréts A L'étranger /
Statement of responsibility, etc. par P. Chevrey-Rameau.
264 #1 - PRODUCTION, PUBLICATION, DISTRIBUTION, MANUFACTURE, AND COPYRIGHT NOTICE
Place of production, publication, distribution, manufacture Paris :
Name of producer, publisher, distributor, manufacturer L. Larose et Forcel,
Date of production, publication, distribution, manufacture, or copyright notice 1883.
300 ## - PHYSICAL DESCRIPTION
Extent 761 pages ;
Dimensions 24 cm.
336 ## - CONTENT TYPE
Source rda contenu
Content type term texte
337 ## - MEDIA TYPE
Source rda medias
Media type term Ordinateur
338 ## - CARRIER TYPE
Source transporteur rda
Carrier type term Ressource en ligne
504 ## - BIBLIOGRAPHY, ETC. NOTE
Bibliography, etc. note Comprend des références bibliographiques.<br/><br/>
546 ## - LANGUAGE NOTE
Language note Texte en français
650 14 - SUBJECT ADDED ENTRY--TOPICAL TERM
Topical term or geographic name entry element Diplomatic and consular service
General subdivision Droit international public
856 40 - ELECTRONIC LOCATION AND ACCESS
Uniform Resource Identifier <a href="https://fll.law.cu.edu.eg/fulltext/bks/B11-06989.pdf">https://fll.law.cu.edu.eg/fulltext/bks/B11-06989.pdf</a>
905 ## - Cataloger and Reviser Names
Cataloger Name: Rawan khaled
942 ## - ADDED ENTRY ELEMENTS (KOHA)
Source of classification or shelving scheme Dewey Decimal Classification
Koha item type Books
Edition 21
Suppress in OPAC No
Holdings
Withdrawn status Lost status Source of classification or shelving scheme Damaged status Not for loan Collection Home library Current library Date acquired Total checkouts Full call number Barcode Date last seen Copy number Price effective from Koha item type
    Dewey Decimal Classification   Not for loan القانون الدولي العام جــــامعة القــاهرة مكتبة كلية الحقوق - المبنى الرئيسي 18.01.2026   Law1 11 341.33 CH . R 1883 1106989 C1 B11-06989 18.01.2026 1 18.01.2026 Books

© All rights reserved — Faculty of Law, Cairo University